[Event "Vasteras op"]
[Site "Vasteras"]
[Date "2014.09.26"]
[Round "3"]
[White "Angskog, Kent"]
[Black "Solodovnichenko, Yuri"]
[Result "0-1"]
[WhiteElo "2208"]
[BlackElo "2566"]
[PlyCount "82"]
[EventDate "2014.09.26"]
[EventType "swiss"]
[EventRounds "8"]
[EventCountry "SWE"]
[SourceTitle "CBM 162 Extra"]
[Source "ChessBase"]
[SourceDate "2014.10.17"]
[SourceVersion "1"]
[SourceVersionDate "2014.10.17"]
[SourceQuality "1"]

1. Nf3 c5 2. c3 Nf6 3. d4 e6 4. Bg5 Nc6 5. e3 h6 6. Bh4 cxd4 7. exd4 g5 8. Bg3 d6 9. Nbd2 g4 10. Ng1 h5 11. Bh4 Be7 12. Bb5 Bd7 13. Ne2 Qc7 14. 0-0 0-0-0 15. c4 Kb8 16. Rc1 Nh7 17. Bxe7 Nxe7 18. Qa4 h4 19. b4 h3 20. g3 Ng5 21. Nf4 Nc6 22. Bxc6 Qxc6 23. Qxc6 Bxc6 24. d5 exd5 25. Nxd5 Bxd5 26. cxd5 Rhe8 27. Rfe1 Re5 28. Kf1 Rxd5 29. Rc2 Rxd2 30. Rxd2 Nf3 31. Red1 Nxh2+ 32. Ke2 Re8+ 33. Kd3 Nf3 34. Re2 Rxe2 35. Kxe2 h2 36. Rh1 d5 37. Ke3 d4+ 38. Kf4 d3 39. Kxg4 Ng1 40. Rxh2 d2 41. Rh8+ Kc7 0-1

[Event "Plancoet op 11th"]
[Site "Plancoet"]
[Date "2014.07.28"]
[Round "2"]
[White "Angskog, Kent"]
[Black "Kukov, Velislav"]
[Result "0-1"]
[WhiteElo "2209"]
[BlackElo "2369"]
[PlyCount "72"]
[EventDate "2014.07.27"]
[EventType "swiss"]
[EventRounds "9"]
[EventCountry "FRA"]
[SourceTitle "CBM 161 Extra"]
[Source "ChessBase"]
[SourceDate "2014.08.29"]
[SourceVersion "1"]
[SourceVersionDate "2014.08.29"]
[SourceQuality "1"]

1. Nf3 d5 2. c4 c6 3. e3 Nf6 4. Nc3 a6 5. a4 g6 6. d4 Bg7 7. Qb3 0-0 8. Be2 a5 9. 0-0 Na6 10. Bd2 Nb4 11. cxd5 cxd5 12. Nb5 Nc6 13. Bc3 Bg4 14. h3 Bxf3 15. Bxf3 e6 16. Rfe1 Qd7 17. Rad1 Rfd8 18. g3 Ne7 19. Bg2 Nf5 20. Kh2 h5 21. e4 dxe4 22. d5 exd5 23. Bxf6 Bxf6 24. Bxe4 Nd4 25. Rxd4 Bxd4 26. Bxg6 Bxf2 27. Bh7+ Kxh7 28. Qc2+ Kg8 29. Qxf2 Re8 30. Rf1 Ra6 31. Nd4 Rg6 32. Qf4 Re4 33. Qd2 h4 34. gxh4 Qd6+ 35. Kh1 Qg3 36. Nf3 Rxh4 0-1

[Event "Vellmar op-A 5th"]
[Site "Vellmar"]
[Date "2013.07.27"]
[Round "5"]
[White "Angskog, Kent"]
[Black "Blom, Vincent"]
[Result "1-0"]
[WhiteElo "2219"]
[BlackElo "2167"]
[PlyCount "124"]
[EventDate "2013.07.25"]
[EventType "swiss"]
[EventRounds "7"]
[EventCountry "GER"]
[SourceTitle "EXT 2015"]
[Source "ChessBase"]
[SourceDate "2014.11.20"]
[SourceVersion "1"]
[SourceVersionDate "2014.11.20"]
[SourceQuality "1"]

1. Nf3 g6 2. e4 Bg7 3. d4 d6 4. Be2 Nf6 5. Nc3 c6 6. a4 0-0 7. 0-0 a5 8. h3 Na6 9. Be3 Qc7 10. Qd2 Rd8 11. Rad1 d5 12. exd5 Nxd5 13. Nxd5 cxd5 14. c3 Bd7 15. Ra1 b6 16. Rfe1 e6 17. Bh6 Qb7 18. Ne5 Be8 19. Bxg7 Kxg7 20. Ng4 Qe7 21. Qh6+ Kg8 22. Bxa6 Rxa6 23. Re3 f5 24. Ne5 Qg7 25. Qg5 Rd6 26. Nf3 h6 27. Qf4 b5 28. axb5 g5 29. Qe5 Bxb5 30. Rxa5 Qxe5 31. dxe5 Rxa5 32. exd6 Kf7 33. Nd4 Bd7 34. Nxf5 exf5 35. Re7+ Kf6 36. Rxd7 Ke6 37. Rh7 Kxd6 38. Rxh6+ Ke5 39. Rg6 Ra1+ 40. Kh2 Kf4 41. g3+ Ke4 42. Kg2 Rb1 43. Re6+ Kd3 44. Re5 Kc4 45. Rxf5 Rxb2 46. Rf3 Rb3 47. h4 g4 48. Re3 Ra3 49. h5 Rb3 50. h6 Rb6 51. h7 Rh6 52. f3 gxf3+ 53. Rxf3 Rxh7 54. g4 Kc5 55. g5 Kc6 56. Kg3 Kd7 57. g6 Rh1 58. Kg4 Rh2 59. Rf7+ Ke8 60. Rh7 Rf2 61. Kh5 Kf8 62. Rh8+ Kg7 1-0

[Event "Vasteras op"]
[Site "Vasteras"]
[Date "2011.09.25"]
[Round "7"]
[White "Angskog, Kent"]
[Black "Akesson, Ralf"]
[Result "0-1"]
[WhiteElo "2206"]
[BlackElo "2421"]
[PlyCount "86"]
[EventDate "2011.09.23"]
[EventType "swiss"]
[EventRounds "8"]
[EventCountry "SWE"]
[SourceTitle "CBM 144 Extra"]
[Source "ChessBase"]
[SourceDate "2011.10.28"]
[SourceVersion "1"]
[SourceVersionDate "2011.10.28"]
[SourceQuality "1"]

1. Nf3 Nf6 2. c4 e6 3. Nc3 d5 4. d4 Be7 5. Bf4 0-0 6. e3 Nbd7 7. Rc1 c5 8. dxc5 Nxc5 9. a3 dxc4 10. Bxc4 a6 11. b4 Qxd1+ 12. Rxd1 Ncd7 13. Bd6 Bxd6 14. Rxd6 b5 15. Bb3 Bb7 16. 0-0 Rfc8 17. Ne2 Kf8 18. Rdd1 Ke7 19. Rc1 Nb6 20. Ne5 Ne4 21. Nd4 Nd2 22. Rfd1 Rxc1 23. Rxc1 Rc8 24. Rxc8 Bxc8 25. Bc2 f6 26. Nec6+ Kd6 27. Na5 g6 28. Nf3 Ndc4 29. Nxc4+ Nxc4 30. a4 bxa4 31. Bxa4 Nb6 32. Bb3 Nd5 33. e4 Nxb4 34. e5+ Ke7 35. exf6+ Kxf6 36. Nd2 Bb7 37. f4 e5 38. fxe5+ Kxe5 39. Bg8 h6 40. Nc4+ Kd4 41. Nd6 Bd5 42. Bh7 Ke5 43. Nc8 Kf6 0-1

[Event "SWE-chT2 1011"]
[Site "Sweden"]
[Date "2011.03.13"]
[Round "9"]
[White "Angskog, Kent"]
[Black "Fries Nielsen, Jens Ove"]
[Result "0-1"]
[WhiteElo "2228"]
[BlackElo "2430"]
[PlyCount "56"]
[EventDate "2010.10.23"]
[EventType "team-tourn"]
[EventRounds "9"]
[EventCountry "SWE"]
[SourceTitle "EXT 2012"]
[Source "ChessBase"]
[SourceDate "2011.11.24"]
[SourceVersion "1"]
[SourceVersionDate "2011.11.24"]
[SourceQuality "1"]
[WhiteTeam "Horndal"]
[BlackTeam "Burgsvik Alva"]
[WhiteTeamCountry "SWE"]
[BlackTeamCountry "SWE"]

1. Nf3 f5 2. d3 d5 3. g3 Nc6 4. Bg2 e5 5. c4 Bb4+ 6. Bd2 Bxd2+ 7. Nfxd2 d4 8. Qa4 Nge7 9. b4 0-0 10. 0-0 Ng6 11. c5 Kh8 12. Na3 Nce7 13. Nac4 Nd5 14. Rae1 f4 15. Ne4 Bg4 16. b5 Qc8 17. Qb3 Nf6 18. b6 axb6 19. cxb6 c6 20. Ncd6 Qd7 21. a4 Nd5 22. Qa3 h6 23. a5 Bxe2 24. Rxe2 f3 25. Bxf3 Rxf3 26. Nd2 Qh3 27. Nxf3 Ngf4 28. Nf7+ Kg8 0-1

[Event "SWE-chT2 1011"]
[Site "Sweden"]
[Date "2011.03.12"]
[Round "8"]
[White "Wahlbom, Magnus"]
[Black "Angskog, Kent"]
[Result "1-0"]
[WhiteElo "2282"]
[BlackElo "2228"]
[PlyCount "69"]
[EventDate "2010.10.23"]
[EventType "team-tourn"]
[EventRounds "9"]
[EventCountry "SWE"]
[SourceTitle "EXT 2012"]
[Source "ChessBase"]
[SourceDate "2011.11.24"]
[SourceVersion "1"]
[SourceVersionDate "2011.11.24"]
[SourceQuality "1"]
[WhiteTeam "Rodeby"]
[BlackTeam "Horndal"]
[WhiteTeamCountry "SWE"]
[BlackTeamCountry "SWE"]

1. d4 g6 2. c4 Bg7 3. Nf3 d6 4. Nc3 Bg4 5. e3 Nf6 6. Be2 0-0 7. 0-0 c5 8. h3 cxd4 9. exd4 Bf5 10. Bd3 Bxd3 11. Qxd3 Nbd7 12. Bf4 Rc8 13. Rfe1 Re8 14. Rac1 h6 15. d5 a6 16. b4 b5 17. cxb5 axb5 18. Be3 Rc4 19. a3 Qa8 20. Nxb5 Rxc1 21. Rxc1 Nxd5 22. Nc7 Nxc7 23. Rxc7 Nf6 24. b5 d5 25. Bd4 Rc8 26. Rxe7 Rc4 27. b6 Qb8 28. g3 Ne4 29. Rxe4 dxe4 30. Qxc4 exf3 31. Bxg7 Kxg7 32. Qc7 Qa8 33. b7 Qxa3 34. b8Q Qa1+ 35. Kh2 1-0

[Event "Arctic Chess Challenge"]
[Site "Tromsoe"]
[Date "2010.08.06"]
[Round "7"]
[White "Angskog, Kent"]
[Black "Moor, Olivier"]
[Result "1-0"]
[WhiteElo "2204"]
[BlackElo "2432"]
[PlyCount "85"]
[EventDate "2010.07.31"]
[EventType "swiss"]
[EventRounds "9"]
[EventCountry "NOR"]
[SourceTitle "CBM 137 Extra"]
[Source "ChessBase"]
[SourceDate "2010.09.01"]
[SourceVersion "1"]
[SourceVersionDate "2010.09.01"]
[SourceQuality "1"]

1. c4 b6 2. e4 e6 3. Nf3 Bb7 4. Nc3 Bb4 5. d3 Ne7 6. Be2 0-0 7. Bd2 f5 8. a3 Bxc3 9. Bxc3 Nbc6 10. 0-0 Ng6 11. Re1 fxe4 12. dxe4 Qe7 13. b4 e5 14. c5 Kh8 15. Rc1 Rf6 16. Bd2 Nf4 17. b5 Nd8 18. cxb6 cxb6 19. Bf1 d6 20. Nh4 Bc8 21. Nf5 Bxf5 22. Bxf4 exf4 23. exf5 Qf8 24. Qd5 Nf7 25. Re6 Re8 26. Rxf6 gxf6 27. Rc7 Re7 28. Rxe7 Qxe7 29. Qe6 Qf8 30. Qxf6+ Qg7 31. Qe6 h6 32. h4 Qf8 33. f6 Ne5 34. Qe7 Kg8 35. Qe6+ Kh7 36. Qf5+ Kg8 37. Qxf4 Kf7 38. Bc4+ Kg6 39. h5+ Kh7 40. Qf5+ Kh8 41. Be6 Qd8 42. f7 Kg7 43. f4 1-0

[Event "Arctic Chess Challenge"]
[Site "Tromsoe"]
[Date "2010.08.03"]
[Round "4"]
[White "Angskog, Kent"]
[Black "Khaetsky, Roman"]
[Result "0-1"]
[WhiteElo "2204"]
[BlackElo "2385"]
[PlyCount "65"]
[EventDate "2010.07.31"]
[EventType "swiss"]
[EventRounds "9"]
[EventCountry "NOR"]
[SourceTitle "CBM 137 Extra"]
[Source "ChessBase"]
[SourceDate "2010.09.01"]
[SourceVersion "1"]
[SourceVersionDate "2010.09.01"]
[SourceQuality "1"]

1. Nf3 Nf6 2. c4 c5 3. Nc3 g6 4. d4 cxd4 5. Nxd4 Bg7 6. e4 0-0 7. Be3 b6 8. g3 Nc6 9. Bg2 Ba6 10. Nxc6 dxc6 11. Qa4 Ng4 12. Rd1 Qc8 13. Bf4 b5 14. Qa5 bxc4 15. 0-0 Qb7 16. h3 Nf6 17. e5 Ne8 18. Rd2 Rc8 19. Be3 f6 20. exf6 Bxf6 21. Qc5 Nd6 22. Rfd1 Kg7 23. a4 Rc7 24. h4 Qc8 25. Bf4 Bxh4 26. Ne4 Rxf4 27. gxf4 Nxe4 28. Bxe4 Qg4+ 29. Bg2 Qxf4 30. Rd8 Bf6 31. Qa5 Bc8 32. Qb4 Rb7 33. Qxc4 0-1